Stati per esportazioni di Aeromobili e Veicoli spaziali - Statistics

Statistiche generali
  • Questo quiz è stato fatto 8 volte
  • Il punteggio medio è 9 su 10
Statistiche sulle risposte
Esportazioni (miliardi $) Continente Nazione % Corretto
1,61 Europa Italia
100%
1,99 Europa Spagna
100%
5,53 America del Sud Brasile
88%
7,39 America del Nord Canada
88%
49,1 Europa Francia
88%
34,1 Europa Germania
88%
5,65 Europa Regno Unito
88%
59,2 America del Nord Stati Uniti
88%
1,35 Asia Cina
75%
1,11 Europa Svizzera
50%
Nessun quiz corrispondente trovato
Distribuzione punteggi
Percentuale di utenti per punteggio
Percentile per numero di risposta
I tuoi punteggi nel tempo
Non hai fatto questo quiz